| 000 | 01236nam a22002777a 4500 | ||
|---|---|---|---|
| 005 | 20170124103222.0 | ||
| 010 | _a134645 | ||
| 020 | _c7.00 | ||
| 035 | _a134645 | ||
| 037 | _bCen Lib/Ret | ||
| 040 |
_aDPL _bHN |
||
| 082 |
_a279.58 _bशुक्ल |
||
| 100 |
_aशुक्ल, रामचंद्र _9112042 |
||
| 245 |
_aरस मीमांसा / _c रामचंद्र शुक्ल ;सम्पादक विश्वनाथ प्रसाद मिश्र |
||
| 246 |
_aRas Mimansa _bby Ramchandra Shukal ;sampadak visvnathprasad Mishr |
||
| 260 |
_aकाशी _bनागिरिणी प्रचारिणी सभा _c2011 |
||
| 270 |
_aकाशी _bकाशी |
||
| 300 |
_a491पृष्ठ. _c18सजिल्द |
||
| 500 | _aअनुक्रमणिका शामिल | ||
| 650 |
_aहिंदी साहित्य _9112043 |
||
| 650 |
_aइतिहास-हिंदी _9112044 |
||
| 650 |
_aहिंदी लिटरेचर _9112045 |
||
| 650 |
_aहिंदी का इतिहास _92124 |
||
| 700 |
_aमिश्र, विश्वनाथ प्रसाद _942583 |
||
| 942 |
_2ddc _cHN _h279.58 _mशुक्ल |
||
| 999 |
_c121902 _d121902 |
||